书目信息 |
| 题名: |
中国的语言及方言的分类
|
|
| 作者: | 邓晓华 , 王士元 著 | |
| 分册: | ||
| 出版信息: | 北京 中华书局 2009 |
|
| 页数: | 270页 | |
| 开本: | 21cm | |
| 丛书名: | ||
| 单 册: | ||
| 中图分类: | H1 , H17 | |
| 科图分类: | ||
| 主题词: | 汉藏语系--研究 , 汉语方言--研究 , 汉藏语系 , 汉语方言 | |
| 电子资源: | ||
| ISBN: | 978-7-101-06680-7 | |
| 000 | 01035nam0 2200289 45 | |
| 001 | 1050789281 | |
| 005 | 20100416095727.87 | |
| 010 | @a978-7-101-06680-7@dCNY26.00 | |
| 100 | @a20100408d2009 em y0chiy50 ea | |
| 101 | 0 | @achi |
| 102 | @aCN@b110000 | |
| 105 | @aa z 000yy | |
| 106 | @ar | |
| 200 | 1 | @a中国的语言及方言的分类@AZhong Guo De Yu Yan Ji Fang Yan De Fen Lei@f邓晓华,王士元著@FDeng Xiao Hua, Wang Shi Yuan Zhu |
| 210 | @a北京@c中华书局@d2009 | |
| 215 | @a270页@c彩照@d21cm | |
| 330 | @a本书运用词源统计分析法及分子人类学方法对汉藏语系的语言及方言作出数理分类以及亲缘阐系程度的描述,并通过树枝长短来表示距离关系,显示汉藏语系的语言及方言的类簇和分级层次。同时计算出汉藏语系诸语言的时间深度,并分析其形成过程。 | |
| 606 | 0 | @a汉藏语系@x研究 |
| 606 | 0 | @a汉语方言@x研究 |
| 606 | 0 | @a汉藏语系 |
| 606 | 0 | @a汉语方言 |
| 690 | @aH1@v4 | |
| 690 | @aH17@v4 | |
| 701 | 0 | @a邓晓华@ADeng Xiao Hua@4著 |
| 701 | 0 | @a王士元@AWang Shi Yuan@4著 |
| 801 | 0 | @aCN@bTANGWEI@c20100416 |
| 905 | @b0590464-69@dH1@e160@f6 | |
| 中国的语言及方言的分类/邓晓华,王士元著.-北京:中华书局,2009 |
| 270页:彩照;21cm |
| ISBN 978-7-101-06680-7:CNY26.00 |
| 本书运用词源统计分析法及分子人类学方法对汉藏语系的语言及方言作出数理分类以及亲缘阐系程度的描述,并通过树枝长短来表示距离关系,显示汉藏语系的语言及方言的类簇和分级层次。同时计算出汉藏语系诸语言的时间深度,并分析其形成过程。 |
| ● |
| 相关链接 |
|
|
|
|
正题名:中国的语言及方言的分类
索取号:H1/160
 
预约/预借
| 序号 | 登录号 | 条形码 | 馆藏地/架位号 | 状态 | 备注 |
| 1 | 0590464 | 205904645 | 第二样本阅览室/ [索取号:H1/160] | 在馆 | |
| 2 | 0590465 | 205904654 | 第四借阅区/ [索取号:H1/160] | 在馆 | |
| 3 | 0590466 | 205904663 | 第四借阅区/ [索取号:H1/160] | 在馆 | |
| 4 | 0590467 | 205904672 | 第四借阅区/ [索取号:H1/160] | 在馆 | |
| 5 | 0590468 | 205904681 | 第四借阅区/ [索取号:H1/160] | 在馆 | |
| 6 | 0590469 | 205904690 | 第四借阅区/ [索取号:H1/160] | 在馆 |